| 000 | 01233nam a2200385 c 4500 | ||
|---|---|---|---|
| 001 | 52932 | ||
| 003 | ES-MaCES | ||
| 005 | 20250203133308.0 | ||
| 008 | 231215s2023 sp l 000 | spa d | ||
| 017 |
_aM 26118-2023 _bDL |
||
| 020 | _a9788430985531 | ||
| 040 |
_aES-MaCES _bspa _cES-MaCES |
||
| 110 | 1 |
_92901 _aEspaña _tLey de arrendamientos urbanos, 1994 |
|
| 245 | 1 | 0 |
_aLey de Arrendamientos Urbanos _ced. preparada por Sebastián López Maza ; bajo la dir. de Rodrigo Bercovitz Rodríguez-Cano |
| 250 | _a9ª ed | ||
| 260 |
_aMadrid _bTecnos _c2023 |
||
| 300 |
_a320 p _c17 cm |
||
| 490 | 1 |
_aBiblioteca de Textos Legales _v414 |
|
| 500 | _aÍndices | ||
| 541 | _cCompra | ||
| 650 | 4 |
_aarrendamiento _927509 |
|
| 650 | 4 |
_aalquiler _931018 |
|
| 650 | 4 |
_azona urbana _928618 |
|
| 650 | 4 |
_avivienda _928598 |
|
| 650 | 4 |
_abienes inmuebles _931214 |
|
| 650 | 4 |
_alegislación _927153 |
|
| 650 | 4 |
_aEspaña _926964 |
|
| 650 | 4 |
_atexto _929624 |
|
| 653 | 1 | 0 | _aLegislación |
| 700 | 1 |
_aLópez Maza, Sebastián _eed. lit. _940834 |
|
| 700 | 1 |
_aBercovitz Rodríguez-Cano, Rodrigo _97571 _edir. |
|
| 830 | 0 |
_aBiblioteca de textos legales (Editorial Tecnos) _v414 _932312 |
|
| 902 | _aLIB Libro | ||
| 942 |
_2CES _cBK _h6.1. |
||
| 999 |
_c52932 _d52932 |
||